|
|
|
|
| LEADER |
00000cam a2200000 a 4500 |
| 001 |
vtls001152268 |
| 003 |
SK-MaSNL |
| 005 |
20260427111620.0 |
| 008 |
250414s1993 xr dl frnp 00000 cze |
| 020 |
|
|
|a 8001010244
|q (brož.)
|
| 035 |
|
|
|a SNK000095150
|
| 040 |
|
|
|a SNK
|b slo
|c SNK
|e AACR2
|
| 041 |
0 |
|
|a cze
|
| 044 |
|
|
|a xr
|c CZ
|
| 072 |
|
7 |
|a 519.1/.8
|x Kombinatorika. Teória grafov. Matematická štatistika. Operačný výskum. Matematické modelovanie
|2 konspekt
|
| 072 |
|
7 |
|a 37.016
|x Učebné osnovy. Vyučovacie predmety. Učebnice
|2 konspekt
|
| 080 |
|
|
|a 519.83(075.8)
|2 1981
|
| 080 |
|
|
|a 519.852
|2 2011
|
| 080 |
|
|
|a 519.853
|2 2011
|
| 080 |
|
|
|a 519.245
|2 2001
|
| 080 |
|
|
|a (075.8)
|2 2011
|
| 100 |
1 |
|
|a Hanuš, František,
|d 1944-
|4 aut
|9 378537
|
| 245 |
1 |
0 |
|a Rozhodovací analýza
|c František Hanuš, Milan Píšek
|
| 250 |
|
|
|a 1. vyd.
|
| 260 |
|
|
|a Praha
|b České vysoké učení technické
|c 1993
|
| 300 |
|
|
|a 212 s.
|b grafy, tab.
|c 29 cm
|
| 366 |
|
|
|e 300 kusov
|
| 504 |
|
|
|a Obsahuje bibliografiu
|
| 650 |
0 |
7 |
|a rozhodovacia analýza
|2 SNKPH
|9 378538
|
| 650 |
0 |
7 |
|a lineárne programovanie
|2 SNKPH
|9 2031
|
| 650 |
0 |
7 |
|a metóda Monte Carlo
|2 SNKPH
|9 17188
|
| 650 |
0 |
7 |
|a nelineárne programovanie
|2 SNKPH
|9 2032
|
| 650 |
0 |
7 |
|a optimalizačné úlohy
|2 SNKPH
|9 378539
|
| 655 |
|
7 |
|a učebnice vysokých škôl
|2 SNKPH
|9 70191
|
| 700 |
1 |
|
|a Píšek, Milan,
|d 1932-
|4 aut
|9 1637719
|
| 852 |
|
|
|a Slovenská národná knižnica
|
| 919 |
|
|
|a 80-01-01024-4
|
| 954 |
|
|
|a odborná, vedecká literatúra cudzojazyčná (svetová)
|2 lita
|
| 958 |
|
|
|a RK
|
| 958 |
|
|
|a TL
|
| 958 |
|
|
|a CZ
|
| 958 |
|
|
|a OND
|
| 958 |
|
|
|a UV
|
| 958 |
|
|
|a NB
|
| 999 |
|
|
|c 623233
|d 625163
|
| 952 |
|
|
|t P60, <04>, [BOOK], {604}
|a SNK
|b SNK
|y VYP
|7 0
|p 17A0402060
|o snkIB 68857
|i snkKIP 2768/93
|0 0
|1 0
|4 0
|d 2003-10-30
|l 0
|r 2005-01-01 00:00:00
|w 2026-02-23
|